000 00828nam a2200289Ia 4500
003 OSt
005 20221006144131.0
006 a|||||r|||| 00| 0
007 ta
008 221006b |||||||| |||| 00| 0 eng d
020 _a0860784932
_cP47.50
024 _a10,960
037 _cTextual
040 _aEASL
_cEASL
_beng
041 _2eng
_aeng
082 _aQ841.A, N95
100 _aSIVIN Nathan
_9482230
245 0 _aMedicine, Philosophy and religion in Ancient China
_b Researches and reflections
260 _aGreat Britain
_bVariorum
_c1995
300 _aVarious
_ccm.
490 _v CEL
_aCollected Studies Series
650 _a CEL
650 _a Taoism
_9580726
650 _aScience-China-History
_9650937
942 _hQ841.A, N95
_cTEXL
_2CC
999 _c1079046
_d1079046